Recreación filosófica, ó, Diàlogo sobre filosofía natural para instruccion de personas curiosas que no han frecuentado las aulas / obra escrita en portugues por el P. D. Teodoro de Almeida... traducida al castellano

Detalles Bibliográficos
Autor principal: Almeida, Teodoro de (1722-1803)
Formato: Libro
Lenguaje:Undetermined
Spanish
Publicado: Paris : Libreria de Rosa, 1841.
Edición:Nueva edicion considerablemente refundida, aumentada y puesta al nivel de los conocimientos actuales, por D. Pedro Mata
Materias:
Colección:Banco de datos
Acervo:Biblioteca Palafoxiana. Colección bibliográfica
Descripción Física:t. : il. ; 8°
Tema general:Filosofía
Notas:Incluye ilustraciones en grabado xilográfico. Sello en tinta: Biblioteca de la Universidad Católica Angelopolitana. Número de localización: t.3 (25755) ; t.4 (25756) ; t.5 (25757) ; t.6 (25758) ; t.7 (25759) ; t.9 (25760) ; t.11 (25761)
LEADER 01038nam a2200181Ia 4500
008 150723s9999 xx 000 0 und d
041 0 |a spa 
050 0 |a PAFX B105.U5 A5 
100 1 |a Almeida, Teodoro de (1722-1803) 
245 1 0 |a Recreación filosófica, ó, Diàlogo sobre filosofía natural para instruccion de personas curiosas que no han frecuentado las aulas / obra escrita en portugues por el P. D. Teodoro de Almeida... traducida al castellano 
250 |a Nueva edicion considerablemente refundida, aumentada y puesta al nivel de los conocimientos actuales, por D. Pedro Mata 
260 |a Paris : Libreria de Rosa, 1841. 
300 |a t. : il. ; 8° 
500 |a Incluye ilustraciones en grabado xilográfico. Sello en tinta: Biblioteca de la Universidad Católica Angelopolitana. Número de localización: t.3 (25755) ; t.4 (25756) ; t.5 (25757) ; t.6 (25758) ; t.7 (25759) ; t.9 (25760) ; t.11 (25761) 
650 1 0 |a Filosofía 
942 |c PALALIB 
943 |g Biblioteca Palafoxiana. Colección bibliográfica 
999 |c 1050162  |d 1050162